[Event "Titled Tuesday intern op 27th Feb Late"]
[Site "Chess.com INT"]
[Date "2024.02.27"]
[Round "1"]
[White "De Souza, Arthur Olintho"]
[Black "Janaszak, Dawid"]
[Result "0-1"]
[WhiteElo "2113"]
[BlackElo "2308"]
[PlyCount "34"]
[EventDate "2024.02.27"]
[EventType "swiss (blitz)"]
[EventRounds "11"]
[EventCountry "USA"]
[SourceTitle "CB10_2024"]
[SourceDate "2024.03.06"]
[SourceVersion "1"]
[SourceVersionDate "2024.03.06"]
[SourceQuality "1"]

1. d4 Nf6 2. c4 g6 3. Nc3 Bg7 4. e4 d6 5. Be3 0-0 6. Be2 e5 7. d5 a5 8. g4 Na6 9. h4 Nc5 10. f3 h5 11. gxh5 Nxh5 12. Kf2 f5 13. Bg5 Bf6 14. Bh6 Bxh4+ 15. Kg2 Rf7 16. a3 fxe4 17. fxe4 Rf2# 0-1

[Event "Titled Tuesday intern op 23rd Jan Late"]
[Site "Chess.com INT"]
[Date "2024.01.23"]
[Round "7"]
[White "Balla, Tamas Kristof"]
[Black "De Souza, Arthur Olintho"]
[Result "1-0"]
[WhiteElo "2283"]
[BlackElo "2113"]
[PlyCount "73"]
[EventDate "2024.01.23"]
[EventType "swiss (blitz)"]
[EventRounds "11"]
[EventCountry "USA"]
[SourceTitle "CB05_2024"]
[SourceDate "2024.01.31"]
[SourceVersion "1"]
[SourceVersionDate "2024.01.31"]
[SourceQuality "1"]

1. e4 c5 2. c3 g6 3. d4 cxd4 4. cxd4 d6 5. Nc3 Nf6 6. Nf3 Bg7 7. h3 0-0 8. Be3 Nc6 9. Be2 a6 10. 0-0 b5 11. a3 Bb7 12. Qd2 Rc8 13. Bh6 Na5 14. Bxg7 Kxg7 15. Qf4 Nb3 16. Rad1 Qa5 17. e5 Nd5 18. Nxd5 Bxd5 19. exd6 exd6 20. Qxd6 Bxf3 21. Bxf3 Rc2 22. Qe5+ Kg8 23. d5 Nd2 24. Be4 Rc4 25. Bd3 Nxf1 26. Bxc4 bxc4 27. Rxf1 Rd8 28. Rd1 Qb5 29. Qf6 Rxd5 30. Re1 Rf5 31. Qd8+ Kg7 32. Qd4+ Kh6 33. Re4 g5 34. h4 Qd5 35. hxg5+ Rxg5 36. Qf6+ Rg6 37. Rh4+ 1-0

[Event "Titled Tuesday intern op 23rd Jan Late"]
[Site "Chess.com INT"]
[Date "2024.01.23"]
[Round "4"]
[White "De Souza, Arthur Olintho"]
[Black "Bogaudinov, Rushan"]
[Result "1/2-1/2"]
[WhiteElo "2113"]
[BlackElo "1853"]
[PlyCount "115"]
[EventDate "2024.01.23"]
[EventType "swiss (blitz)"]
[EventRounds "11"]
[EventCountry "USA"]
[SourceTitle "CB05_2024"]
[SourceDate "2024.01.31"]
[SourceVersion "1"]
[SourceVersionDate "2024.01.31"]
[SourceQuality "1"]

1. e4 e6 2. Nc3 a6 3. Nf3 b5 4. a3 Bb7 5. d4 d6 6. Bd3 Nf6 7. 0-0 Be7 8. Qe2 Nbd7 9. Bg5 c5 10. e5 Nd5 11. Bxe7 Qxe7 12. Nxd5 Bxd5 13. exd6 Qxd6 14. dxc5 Nxc5 15. Rad1 Nxd3 16. Rxd3 0-0 17. Rfd1 Qc7 18. Rc3 Qb7 19. Rd4 Rac8 20. Rxc8 Rxc8 21. Rf4 Bxf3 22. Rxf3 g6 23. h4 h5 24. Rg3 Qd5 25. c3 Rc4 26. Rd3 Re4 27. Re3 Rxh4 28. Rd3 Re4 29. Qd2 Qe5 30. g3 Re1+ 31. Kg2 Qe4+ 32. Rf3 Rg1+ 33. Kxg1 Qxf3 34. Qd8+ Kg7 35. Qb6 Qd1+ 36. Kg2 Qd5+ 37. Kg1 g5 38. Qxa6 h4 39. gxh4 gxh4 40. Qb6 Qg5+ 41. Kh2 Qf4+ 42. Kg2 Qg4+ 43. Kh2 e5 44. Qxb5 Qf4+ 45. Kg2 Qe4+ 46. Kh2 Qf4+ 47. Kg2 f6 48. Qd7+ Kg6 49. Qe8+ Kf5 50. Qd7+ Kg6 51. Qe8+ Kg7 52. Qe7+ Kh6 53. Qf8+ Kg6 54. Qg8+ Kh6 55. Qh8+ Kg6 56. Qg8+ Kh6 57. Qh8+ Kg6 58. Qg8+ 1/2-1/2

[Event "Titled Tuesday intern op 23rd Jan Late"]
[Site "Chess.com INT"]
[Date "2024.01.23"]
[Round "6"]
[White "Golubev, Mikhail"]
[Black "De Souza, Arthur Olintho"]
[Result "1-0"]
[WhiteElo "2461"]
[BlackElo "2113"]
[PlyCount "63"]
[EventDate "2024.01.23"]
[EventType "swiss (blitz)"]
[EventRounds "11"]
[EventCountry "USA"]
[SourceTitle "CB05_2024"]
[SourceDate "2024.01.31"]
[SourceVersion "1"]
[SourceVersionDate "2024.01.31"]
[SourceQuality "1"]

1. e4 c5 2. Nf3 Nc6 3. Nc3 g6 4. d4 cxd4 5. Nxd4 Bg7 6. Be3 d6 7. f3 Nf6 8. Qd2 0-0 9. Bc4 Bd7 10. g4 Bxg4 11. fxg4 Nxg4 12. Nxc6 bxc6 13. Be2 Nxe3 14. Qxe3 d5 15. Qf3 Rb8 16. exd5 cxd5 17. Nxd5 Qa5+ 18. c3 Rxb2 19. Rd1 Qxa2 20. Nb4 Qa3 21. 0-0 Bxc3 22. Nd5 Qc5+ 23. Kh1 Be5 24. Ne3 e6 25. Rd3 Rfb8 26. Ng4 Bg7 27. Qxf7+ Kh8 28. Rd7 Qc6+ 29. Bf3 Qc3 30. Nh6 Rf8 31. Qg8+ Rxg8 32. Nf7# 1-0

[Event "Titled Tuesday intern op 16th Jan Late"]
[Site "Chess.com INT"]
[Date "2024.01.16"]
[Round "9"]
[White "Pavlidou, Ekaterini"]
[Black "De Souza, Arthur Olintho"]
[Result "1-0"]
[WhiteElo "2206"]
[BlackElo "2113"]
[PlyCount "53"]
[EventDate "2024.01.16"]
[EventType "swiss (blitz)"]
[EventRounds "11"]
[EventCountry "USA"]
[SourceTitle "CB04_2024"]
[SourceDate "2023.10.16"]
[SourceVersion "1"]
[SourceVersionDate "2023.10.16"]
[SourceQuality "1"]

1. d4 d5 2. c4 Bf5 3. cxd5 Bxb1 4. Qa4+ c6 5. dxc6 Nxc6 6. Rxb1 Qxd4 7. Qxd4 Nxd4 8. e3 Nc6 9. Nf3 0-0-0 10. Bb5 e6 11. Bxc6 bxc6 12. Ne5 Bb4+ 13. Ke2 Rf8 14. Nxc6 Bc5 15. b4 Bb6 16. Bb2 Nf6 17. Rhc1 Kb7 18. a4 Rc8 19. Ne5 Nd5 20. Nxf7 Rxc1 21. Rxc1 Rf8 22. Nd6+ Kb8 23. Bxg7 Rg8 24. a5 Bc7 25. Be5 Rxg2 26. b5 Bxa5 27. Rc8# 1-0

[Event "Titled Tuesday intern op 24th Oct Late"]
[Site "Chess.com INT"]
[Date "2023.10.24"]
[Round "1"]
[White "Pasti, Aron"]
[Black "De Souza, Arthur Olintho"]
[Result "1/2-1/2"]
[WhiteElo "2394"]
[BlackElo "2113"]
[PlyCount "42"]
[EventDate "2023.10.24"]
[EventType "swiss (blitz)"]
[EventRounds "11"]
[EventCountry "USA"]
[SourceTitle "Mega2024 Update 01"]
[Source "Chessbase"]
[SourceDate "2023.11.12"]
[SourceVersion "1"]
[SourceVersionDate "2023.11.12"]
[SourceQuality "1"]

1. e4 c5 2. Nf3 d6 3. d4 cxd4 4. Nxd4 Nf6 5. Nc3 g6 6. Be3 Bg7 7. f3 0-0 8. Qd2 Nc6 9. 0-0-0 d5 10. exd5 Nxd5 11. Nxc6 bxc6 12. Bd4 Nxc3 13. Qxc3 Bh6+ 14. Be3 Bxe3+ 15. Qxe3 Qb6 16. Qxe7 Be6 17. h4 Qe3+ 18. Rd2 Qe1+ 19. Rd1 Qe3+ 20. Rd2 Qe1+ 21. Rd1 Qe3+ 1/2-1/2

[Event "Titled Tuesday intern op 26th Sep Late"]
[Site "Chess.com INT"]
[Date "2023.09.26"]
[Round "5"]
[White "Polaczek, Richard"]
[Black "De Souza, Arthur Olintho"]
[Result "1-0"]
[WhiteElo "2302"]
[BlackElo "2113"]
[PlyCount "55"]
[EventDate "2023.09.26"]
[EventType "swiss (blitz)"]
[EventRounds "11"]
[EventCountry "USA"]
[SourceTitle "EXT 2024"]
[Source "ChessBase"]
[SourceDate "2023.10.10"]
[SourceVersion "1"]
[SourceVersionDate "2023.10.10"]
[SourceQuality "1"]

1. d4 d5 2. c4 Bf5 3. cxd5 Bxb1 4. Qa4+ c6 5. Rxb1 Qxd5 6. e3 Nf6 7. Nf3 Nbd7 8. Be2 e5 9. 0-0 e4 10. Nd2 Bd6 11. f4 0-0 12. h3 c5 13. Bc4 Qf5 14. Qc2 cxd4 15. exd4 Bxf4 16. Nxe4 Qxe4 17. Qxe4 Bh2+ 18. Kxh2 Nxe4 19. Bf4 Rac8 20. Bd5 Ndf6 21. Bxb7 Rc2 22. Be5 Nd2 23. Rf2 Nxb1 24. Rxc2 Nd7 25. Bd6 Re8 26. Bc6 Rd8 27. Bxd7 h6 28. Rc8 1-0